Megbélyegzés, megélés cselekvés a mentális zavarokkal élők stigmatizációja /

Elmentve itt :
Bibliográfiai részletek
Szerző: Gombkötő Ildikó
További közreműködők: Arany Zoltán (Témavezető)
Dokumentumtípus: Szakdolgozat
Megjelent: 2019
Tárgyszavak:
Online Access:http://diploma.bibl.u-szeged.hu/85910
LEADER 00959nta a2200253 i 4500
001 dipl85910
005 20200826105508.0
008 200605s2019 hu om 0|| zxx d
040 |a SZTE Diploma Repozitórium  |b hun 
041 |a zxx 
100 1 |a Gombkötő Ildikó 
245 1 0 |a Megbélyegzés, megélés cselekvés   |h [elektronikus dokumentum] :  |b a mentális zavarokkal élők stigmatizációja /  |c Ildikó Gombkötő 
246 1 0 |a Stigmatization of people with mental disorders  |h [elektronikus dokumentum] 
260 |c 2019 
650 4 |a Orvos- és egészségtudományok 
650 4 |a Medical and health sciences 
650 4 |a Health sciences 
650 4 |a Nursing 
650 4 |a Public and environmental health 
650 4 |a Public health 
650 4 |a Health inequalities 
650 4 |a Social policies, work and welfare 
700 1 |a Arany Zoltán  |e ths 
856 4 0 |u http://diploma.bibl.u-szeged.hu/id/eprint/85910/1/2019_gombkoto_ildiko.pdf  |z Dokumentum-elérés